| 000 | 02135nam a2200385 a 4500 | ||
|---|---|---|---|
| 001 | ebr10286061 | ||
| 003 | CaPaEBR | ||
| 006 | m u | ||
| 007 | cr cn||||||||| | ||
| 008 | 080722s2008 gau sb 000 0 eng | ||
| 010 | _z 2008032440 | ||
| 020 | _z9781589833722 (paper binding : alk. paper) | ||
| 020 | _z1589833724 (paper binding : alk. paper) | ||
| 020 | _z9781589833739 (electronic library copy) | ||
| 020 | _z1589833732 (electronic library copy) | ||
| 040 |
_aCaPaEBR _cCaPaEBR |
||
| 035 | _a(OCoLC)506068900 | ||
| 050 | 1 | 4 |
_aBS2551 _b.C67 2008eb |
| 082 | 0 | 4 |
_a226/.0486 _222 |
| 100 | 1 |
_aCosaert, Carl P., _d1968- |
|
| 245 | 1 | 4 |
_aThe text of the Gospels in Clement of Alexandria _h[electronic resource] / _cCarl P. Cosaert. |
| 260 |
_aAtlanta : _bSociety of Biblical Literature, _cc2008. |
||
| 300 | _axiv, 370 p. | ||
| 490 | 1 |
_aThe New Testament and the Greek Fathers ; _vno. 9 |
|
| 504 | _aIncludes bibliographical references (p. [355]-370). | ||
| 505 | 0 | _aClement of Alexandria : the most learned of all -- Clement and the New Testament -- Introduction to the text and critical apparatus -- The Gospel text in Clement : text and apparatus -- Quantitative analysis -- Group profile analysis -- The typology of Clement's readings -- The transmission of the Gospels in Alexandria -- Appendix 1: Indeterminable gospel references -- Appendix 2: Catena fragments and Latin references -- Appendix 3: The Gospel text of Clement's opponents -- Appendix 4: Clement in the apparatus of NA27 and UBS4. | |
| 533 |
_aElectronic reproduction. _bPalo Alto, Calif. : _cebrary, _d2013. _nAvailable via World Wide Web. _nAccess may be limited to ebrary affiliated libraries. |
||
| 600 | 0 | 0 |
_aClement, _cof Alexandria, Saint, _dca. 150-ca. 215. |
| 630 | 0 | 0 |
_aBible. _pN.T. _pGospels _xCriticism, Textual. |
| 630 | 0 | 0 |
_aBible. _pN.T. _pGospels. _lGreek _xVersions. |
| 655 | 7 |
_aElectronic books. _2local |
|
| 710 | 2 | _aebrary, Inc. | |
| 830 | 0 |
_aNew Testament in the Greek fathers ; _vno. 9. |
|
| 856 | 4 | 0 |
_uhttp://site.ebrary.com/lib/rucke/Doc?id=10286061 _zAn electronic book accessible through the World Wide Web; click to view |
| 999 |
_c2044 _d2044 |
||